[Event "Rated Blitz game"]
[Site "?"]
[Date "2021.05.12"]
[Round "?"]
[White "SSonicKKeytar"]
[Black "Machinegunusa"]
[Result "0-1"]
[WhiteElo "2439"]
[BlackElo "2571"]
[PlyCount "36"]
[EventDate "2021.??.??"]
[EventType "blitz"]

1. e4 e5 2. Nf3 d5 3. exd5 e4 4. Ng1 Nf6 5. Nc3 Bb4 6. d3 exd3 7. Bxd3 Qxd5 8.
Nf3 Bg4 9. Qe2+ Kf8 10. O-O Bxc3 11. bxc3 Nc6 12. Ba3+ Kg8 13. Bc4 Bxf3 14.
gxf3 Qg5+ 15. Kh1 Re8 16. Qd3 Ne5 17. Qe2 Qf4 18. Bb3 Nxf3 {Normal} 0-1

[Event "Rated Blitz game"]
[Site "?"]
[Date "2021.05.12"]
[Round "?"]
[White "DoubleP"]
[Black "Gifroy"]
[Result "0-1"]
[WhiteElo "2464"]
[BlackElo "2428"]
[PlyCount "84"]
[EventDate "2021.??.??"]
[EventType "blitz"]

1. e4 e5 2. Nf3 d5 3. Nxe5 Bd6 4. d4 dxe4 5. Nc4 Be7 6. Ne3 Nf6 7. Be2 O-O 8.
c4 Nc6 9. d5 Ne5 10. Nc3 Re8 11. b3 Bc5 12. Bb2 Bxe3 13. fxe3 Bf5 14. O-O Bg6
15. Qd4 b6 16. Rf4 c5 17. Qd2 Nd3 18. Bxd3 exd3 19. Raf1 Ne4 20. Nxe4 Rxe4 21.
Rxe4 Bxe4 22. Rf4 f5 23. h4 Qe7 24. Qf2 Rf8 25. Bc3 Rf7 26. Qg3 Qd6 27. Kf2 Qg6
28. Qxg6 hxg6 29. g4 fxg4 30. Rxf7 Kxf7 31. Be5 a6 32. Ke1 b5 33. Bd6 bxc4 34.
bxc4 g5 35. h5 Kf6 36. Bxc5 g3 37. Bb4 g2 38. Kf2 Ke5 39. Bc3+ Kd6 40. Bxg7 Kc5
41. Bd4+ Kxc4 42. d6 d2 {Normal} 0-1

[Event "Rated Blitz game"]
[Site "?"]
[Date "2021.05.12"]
[Round "?"]
[White "blablub"]
[Black "Gifroy"]
[Result "1-0"]
[WhiteElo "2389"]
[BlackElo "2433"]
[PlyCount "121"]
[EventDate "2021.??.??"]
[EventType "blitz"]

1. e4 e5 2. Nf3 d5 3. exd5 e4 4. Qe2 Nf6 5. d3 Qxd5 6. dxe4 Qxe4 7. Nc3 Bb4 8.
Bd2 Qxe2+ 9. Bxe2 Bd7 10. a3 Ba5 11. O-O-O Nc6 12. Nd5 Bxd2+ 13. Rxd2 Nxd5 14.
Rxd5 O-O-O 15. Rhd1 Bg4 16. h3 Be6 17. R5d2 Rxd2 18. Rxd2 Rd8 19. Bb5 Bd5 20.
Bxc6 Bxc6 21. Rxd8+ Kxd8 22. Ne1 g5 23. Kd2 Ke7 24. Ke3 f5 25. g3 Ke6 26. Nd3
b6 27. f4 h6 28. fxg5 hxg5 29. h4 gxh4 30. gxh4 Be4 31. Kf4 Kf6 32. Ne1 Kg6 33.
c3 Kh5 34. Nf3 a5 35. Nd4 Kxh4 36. Nxf5+ Bxf5 37. Kxf5 Kg3 38. Ke6 Kf3 39. Kd7
c5 40. Kc6 c4 41. Kxb6 Ke3 42. Kxa5 Kd3 43. Kb4 Ke4 44. Kxc4 Ke5 45. Kc5 Ke6
46. Kc6 Ke7 47. a4 Ke6 48. a5 Ke5 49. a6 Ke4 50. a7 Kd3 51. a8=Q Kc2 52. Qb7
Kc1 53. b4 Kc2 54. b5 Kxc3 55. b6 Kd3 56. Qd7+ Ke4 57. b7 Ke5 58. b8=Q+ Ke4 59.
Qbe8+ Kf4 60. Qdf7+ Kg4 61. Qeg8+ {Normal} 1-0

[Event "Rated Blitz game"]
[Site "?"]
[Date "2021.05.12"]
[Round "?"]
[White "Koksik_5"]
[Black "GrandeGila"]
[Result "1-0"]
[WhiteElo "2393"]
[BlackElo "2481"]
[PlyCount "81"]
[EventDate "2021.??.??"]
[EventType "blitz"]

1. e4 e5 2. Nf3 d5 3. d3 dxe4 4. dxe4 Qxd1+ 5. Kxd1 Bg4 6. Be2 Nc6 7. c3 f5 8.
h3 O-O-O+ 9. Kc2 Bh5 10. exf5 e4 11. Ng1 Bf7 12. Be3 Nf6 13. Nd2 Bd6 14. g4 h5
15. g5 Nd5 16. h4 Nxe3+ 17. fxe3 Rhe8 18. Nh3 Bc5 19. Nc4 b5 20. Nd2 Bxe3 21.
Rhd1 a6 22. g6 Bg8 23. Bxh5 Bh6 24. Ng5 e3 25. Ndf3 e2 26. Rxd8+ Nxd8 27. Re1
Bxg5 28. hxg5 Rf8 29. Bg4 Bxa2 30. Rxe2 Kb7 31. Re7 Bd5 32. Nd4 Be4+ 33. Rxe4
Kb6 34. Re7 c5 35. Nf3 Nc6 36. Rxg7 Re8 37. f6 Re2+ 38. Kd1 Rg2 39. f7 Rxg4 40.
f8=Q Rf4 41. Qxf4 {Normal} 1-0

[Event "Rated Blitz game"]
[Site "?"]
[Date "2021.05.12"]
[Round "?"]
[White "hadibeabisibe"]
[Black "Gifroy"]
[Result "1-0"]
[WhiteElo "2458"]
[BlackElo "2431"]
[PlyCount "95"]
[EventDate "2021.??.??"]
[EventType "blitz"]

1. e4 e5 2. Nf3 d5 3. exd5 e4 4. Qe2 Nf6 5. d3 Qxd5 6. Nc3 Bb4 7. Nd2 Bxc3 8.
bxc3 O-O 9. Nxe4 Nxe4 10. dxe4 Qa5 11. Bd2 Re8 12. f3 c6 13. Qf2 Be6 14. Bd3
Nd7 15. O-O Rad8 16. f4 f6 17. c4 Qc5 18. Be3 Qa5 19. c5 Qa4 20. Rfb1 b6 21.
cxb6 axb6 22. Bxb6 Rb8 23. Be3 Rxb1+ 24. Rxb1 Qxa2 25. Qe1 Ra8 26. Bd4 Qa5 27.
Qxa5 Rxa5 28. Ra1 Rxa1+ 29. Bxa1 Nc5 30. Be2 Nxe4 31. Bf3 Bd5 32. Bd4 f5 33. g4
g6 34. g5 Nc3 35. Bxd5+ Nxd5 36. Be5 Kf7 37. Kf2 Ke6 38. Ke2 Nb4 39. Kd2 Kd5
40. Kc3 Na2+ 41. Kd3 Nb4+ 42. Kc3 Na6 43. Kb2 Ke4 44. Kc3 Nc5 45. Kc4 Ne6 46.
c3 Nxf4 47. Bf6 Nd5 48. h4 {Time forfeit} 1-0

[Event "Rated Blitz game"]
[Site "?"]
[Date "2021.05.12"]
[Round "?"]
[White "HannHagen"]
[Black "Gifroy"]
[Result "0-1"]
[WhiteElo "2426"]
[BlackElo "2424"]
[PlyCount "52"]
[EventDate "2021.??.??"]
[EventType "blitz"]

1. e4 e5 2. Nf3 d5 3. exd5 e4 4. Qe2 Nf6 5. Nc3 Be7 6. Nxe4 O-O 7. d3 c6 8. d6
Bxd6 9. Nxd6 Qxd6 10. Qd1 Re8+ 11. Be2 Qe7 12. Bg5 Bg4 13. Ng1 Bxe2 14. Nxe2
Nbd7 15. h4 h6 16. Be3 Nd5 17. Rh3 Qb4+ 18. Kf1 Qxb2 19. Rb1 Qxa2 20. Rxb7 Ne5
21. c4 Nxe3+ 22. Rxe3 Ng4 23. Rg3 h5 24. Rb1 Rab8 25. Rxb8 Rxb8 26. Nc3 Qxf2# {
Normal} 0-1

[Event "Rated Blitz game"]
[Site "?"]
[Date "2021.05.12"]
[Round "?"]
[White "HannRich"]
[Black "liaqat321"]
[Result "0-1"]
[WhiteElo "2418"]
[BlackElo "2360"]
[PlyCount "40"]
[EventDate "2021.??.??"]
[EventType "blitz"]

1. e4 e5 2. Nf3 d5 3. Nxe5 Bd6 4. d4 dxe4 5. Nc4 Nf6 6. Nxd6+ Qxd6 7. Be2 O-O
8. c3 c5 9. Be3 cxd4 10. Bxd4 Nc6 11. Bxf6 Qxf6 12. O-O Bf5 13. Qb3 b6 14. Na3
Rad8 15. Rad1 Ne5 16. Nc4 Nd3 17. Ne3 Bg6 18. f3 Qg5 19. Nc2 Nf4 20. g3 Nxe2+ {
Normal} 0-1

[Event "Titled Tuesday 11th May"]
[Site "chess.com INT"]
[Date "2021.05.11"]
[Round "9"]
[White "Tomb, M."]
[Black "Muradov, Soltan"]
[Result "0-1"]
[WhiteElo "2084"]
[BlackElo "2233"]
[PlyCount "188"]
[EventDate "2021.05.11"]
[SourceTitle "The Week in Chess 1384"]
[Source "Mark Crowther"]
[SourceDate "2021.05.17"]
[SourceVersion "1"]
[SourceVersionDate "2021.05.17"]
[SourceQuality "2"]

1. e4 e5 2. Nf3 d5 3. exd5 Qxd5 4. Nc3 Qd6 5. Bc4 Nc6 6. h3 h6 7. O-O Bf5 8. d4
exd4 9. Nb5 Qd7 10. Re1+ Be7 11. Bf4 Rc8 12. Nfxd4 Nf6 13. Nxf5 Qxf5 14. Nxc7+
Kf8 15. Bd6 Bxd6 16. Qxd6+ Kg8 17. Re7 Nxe7 18. Qxe7 Ne4 19. f3 Qc5+ 20. Qxc5
Nxc5 21. Nd5 Kh7 22. b4 Ne6 23. Bd3+ g6 24. Nf6+ Kg7 25. Ne4 Rhd8 26. Kf2 Nf4
27. Rd1 Nxd3+ 28. cxd3 Rc2+ 29. Ke3 Rxg2 30. a4 Rh2 31. Rc1 Rd7 32. b5 Rxh3 33.
a5 Rh2 34. Rc5 Ra2 35. b6 axb6 36. axb6 Rb2 37. Rc7 Rxc7 38. bxc7 Rc2 39. Nd6
Rxc7 40. Ne8+ Kf8 41. Nxc7 Ke7 42. d4 Kd6 43. Ne8+ Ke7 44. Nc7 Kd7 45. Nb5 Kc6
46. Nc3 Kd6 47. Ke4 Kd7 48. Kd5 Ke7 49. Kc5 Kd7 50. Kb6 h5 51. Kxb7 h4 52. Kb6
Kd6 53. Kb5 h3 54. Kc4 h2 55. Ne4+ Ke6 56. Nf2 Kf5 57. Kc5 Kf4 58. d5 Kxf3 59.
Nh1 Kg2 60. d6 Kxh1 61. d7 Kg2 62. d8=Q h1=Q 63. Qd5+ Kg1 64. Qxf7 Qh5+ 65. Kd6
Qf5 66. Qa2 g5 67. Qa1+ Kh2 68. Qh8+ Kg3 69. Qc3+ Qf3 70. Qe1+ Kg4 71. Ke5 Qg3+
72. Qxg3+ Kxg3 73. Ke4 g4 74. Ke3 Kg2 75. Kf4 g3 76. Kg4 Kf2 77. Kh3 g2 78. Kh4
g1=Q 79. Kh3 Qf1+ 80. Kh2 Qe1 81. Kh3 Qd1 82. Kh4 Qd2 83. Kh3 Kf3 84. Kh4 Qh2+
85. Kg5 Qg3+ 86. Kf6 Qf4+ 87. Ke6 Ke4 88. Kd7 Qf5+ 89. Ke8 Kd5 90. Ke7 Qe6+ 91.
Kf8 Qd7 92. Kg8 Ke6 93. Kh8 Kf6 94. Kg8 Qg7# 0-1

[Event "Titled Tuesday 11th May"]
[Site "chess.com INT"]
[Date "2021.05.11"]
[Round "8"]
[White "Aslanov, Umid"]
[Black "Ambartsumova, K."]
[Result "1-0"]
[WhiteElo "2019"]
[BlackElo "2382"]
[PlyCount "83"]
[EventDate "2021.05.11"]
[SourceTitle "The Week in Chess 1384"]
[Source "Mark Crowther"]
[SourceDate "2021.05.17"]
[SourceVersion "1"]
[SourceVersionDate "2021.05.17"]
[SourceQuality "2"]

1. e4 e5 2. Nf3 d5 3. exd5 e4 4. Nd4 Qxd5 5. Nb3 Qe5 6. Nc3 Nf6 7. Bc4 Bd6 8.
Qe2 O-O 9. d4 exd3 10. Qxe5 Bxe5 11. Bxd3 Bxc3+ 12. bxc3 Re8+ 13. Kd2 Nc6 14.
f3 b6 15. Bb2 a5 16. a4 Be6 17. c4 Rad8 18. Bxf6 gxf6 19. Kc3 Ne5 20. Rhe1 c5
21. Rad1 Rd7 22. f4 Nxd3 23. cxd3 Red8 24. g3 Bg4 25. Rd2 Rc8 26. Re3 Kg7 27.
Rb2 Bf5 28. Nc1 Rc6 29. Ne2 Rcd6 30. Rd2 h5 31. Ng1 Bg4 32. h3 Bf5 33. g4 hxg4
34. Rg3 Rd4 35. hxg4 Be6 36. Ne2 R4d6 37. f5 Kf8 38. fxe6 fxe6 39. Nf4 Rg7 40.
Re2 Kf7 41. Rf2 Rh7 42. g5 1-0

[Event "Titled Tuesday 11th May"]
[Site "chess.com INT"]
[Date "2021.05.11"]
[Round "7"]
[White "Vega Gutierrez, S.."]
[Black "Skatchkov, P.."]
[Result "0-1"]
[WhiteElo "2392"]
[BlackElo "2457"]
[PlyCount "68"]
[EventDate "2021.05.11"]

1. e4 e5 2. Nf3 d5 3. exd5 e4 4. Qe2 Nf6 5. Nc3 Be7 6. Nxe4 Nxd5 7. Nc3 Nf6 8.
Qd1 O-O 9. Be2 c5 10. d4 Nc6 11. dxc5 Qa5 12. O-O Bf5 13. Be3 Rad8 14. Qc1 Bxc5
15. Bxc5 Qxc5 16. h3 Rfe8 17. Rd1 Nb4 18. Rxd8 Rxd8 19. Ne1 Nc6 20. Bd3 Be6 21.
Nf3 Nb4 22. Ne4 Nxe4 23. Bxe4 f5 24. Qg5 Rf8 25. Re1 Bxa2 26. Bxb7 Nxc2 27. Re7
Bf7 28. Ne5 h6 29. Qh4 g5 30. Nxf7 gxh4 31. Nxh6+ Kh8 32. Rd7 Nd4 33. Bd5 Qc1+
34. Kh2 Qxh6 0-1

[Event "Rated Blitz game"]
[Site "?"]
[Date "2021.05.11"]
[Round "?"]
[White "Leherzahn"]
[Black "Sinrah-Tensei"]
[Result "0-1"]
[WhiteElo "2323"]
[BlackElo "2402"]
[PlyCount "100"]
[EventDate "2021.??.??"]
[EventType "blitz"]

1. e4 e5 2. Nf3 d5 3. exd5 Bd6 4. Nc3 f5 5. Bb5+ Kf8 6. O-O a6 7. Bc4 g5 8. d4
e4 9. Ne5 h5 10. Ng6+ Kg7 11. Nxh8 g4 12. f3 Qh4 13. g3 Bxg3 14. hxg3 Qxg3+ 15.
Kh1 exf3 16. Qd2 Qh3+ 17. Kg1 Qg3+ 18. Kh1 Qh3+ 19. Qh2 Qxh2+ 20. Kxh2 Kxh8 21.
Bg5 Nd7 22. Rae1 Ndf6 23. Bxf6+ Nxf6 24. Re7 Kg8 25. Kg3 Bd7 26. d6+ Kh8 27.
Be6 Bxe6 28. Rxe6 Kg7 29. Re7+ Kg6 30. dxc7 h4+ 31. Kxh4 f4 32. Rh7 Kxh7 33.
Kg5 Kg7 34. Kxf4 Rc8 35. Ne4 Nxe4 36. Kxg4 Nd2 37. Rf2 Nc4 38. b3 Ne3+ 39. Kxf3
Nf5 40. Ke4 Nd6+ 41. Kd5 Nf7 42. c4 Rxc7 43. Ke6 Rc6+ 44. Ke7 Rc7+ 45. Ke6 Ng5+
46. Ke5 Re7+ 47. Kd6 Re4 48. d5 Re1 49. Kc7 Re7+ 50. Kb6 Ne4 {Time forfeit} 0-1

[Event "Rated Blitz game"]
[Site "?"]
[Date "2021.05.11"]
[Round "?"]
[White "TheSettler"]
[Black "fuglfonix"]
[Result "0-1"]
[WhiteElo "2428"]
[BlackElo "2364"]
[PlyCount "117"]
[EventDate "2021.??.??"]
[EventType "blitz"]

1. e4 e5 2. Nf3 d5 3. Nxe5 Bd6 4. d4 dxe4 5. Nc4 Ne7 6. Nc3 f5 7. Bg5 O-O 8.
Qd2 h6 9. Nxd6 cxd6 10. Bxe7 Qxe7 11. O-O-O Nc6 12. Bc4+ Kh8 13. Nd5 Qg5 14.
Nf4 Bd7 15. h4 Qd8 16. Ng6+ Kh7 17. Nxf8+ Qxf8 18. Qf4 Rc8 19. Bb3 Nb4 20. Kb1
a5 21. c3 a4 22. Bc2 Nxc2 23. Kxc2 b5 24. a3 Be6 25. Kc1 Bb3 26. Rde1 Bc4 27.
g4 Bd3 28. Qxf5+ Qxf5 29. gxf5 Rf8 30. Re3 Rxf5 31. f3 Rxf3 32. Rxf3 exf3 33.
Kd2 Be2 34. Ke3 Kg6 35. Rg1+ Kf6 36. Rg4 g5 37. hxg5+ hxg5 38. Kf2 Kf5 39. Rg1
Kf4 40. Rg3 g4 41. Rg1 d5 42. Rg3 Bd3 43. Rg1 Bf5 44. Rg3 Ke4 45. Rg1 Kd3 46.
Re1 Be4 47. Kg3 Kc2 48. Kxg4 Kxb2 49. Rxe4 dxe4 50. Kg3 Kxc3 51. d5 b4 52. d6
bxa3 53. d7 a2 54. d8=Q Kc2 55. Qh8 Kb1 56. Qb8+ Kc1 57. Qe5 a3 58. Qb5 a1=Q
59. Qe5 {Normal} 0-1

[Event "Rated Blitz game"]
[Site "?"]
[Date "2021.05.11"]
[Round "?"]
[White "pacome76"]
[Black "pasha1984"]
[Result "0-1"]
[WhiteElo "2452"]
[BlackElo "2376"]
[PlyCount "116"]
[EventDate "2021.??.??"]
[EventType "blitz"]

1. e4 e5 2. Nf3 d5 3. exd5 e4 4. Qe2 Nf6 5. d3 Qxd5 6. Nc3 Bb4 7. Bd2 Bxc3 8.
Bxc3 O-O 9. dxe4 Nxe4 10. Rd1 Nxc3 11. Rxd5 Nxe2 12. Bxe2 Nc6 13. a3 Be6 14.
Rd2 Rad8 15. O-O Rxd2 16. Nxd2 Nd4 17. Bd3 Rd8 18. Re1 Kf8 19. f4 Bf5 20. Bxf5
Nxf5 21. Nf3 f6 22. Kf2 Kf7 23. g4 Nd6 24. b3 Nb5 25. a4 Nc3 26. h3 c6 27. f5
a5 28. Kg3 Rd5 29. Re3 Nd1 30. Re2 Nc3 31. Re3 Nd1 32. Re2 h5 33. Kf4 hxg4 34.
hxg4 Nc3 35. Re3 Rc5 36. Rd3 Nd5+ 37. Kg3 Rxc2 38. Nd4 Rc3 39. Rxc3 Nxc3 40.
Ne6 Ne2+ 41. Kf2 Nc1 42. Nd8+ Ke7 43. Nxb7 Nxb3 44. Ke3 Kd7 45. Kd3 Kc7 46. Kc3
Kxb7 47. Kxb3 Kb6 48. Kc4 Kc7 49. Kd4 Kd6 50. Kc4 c5 51. Kb5 Kd5 52. Kxa5 c4
53. Kb4 Kd4 54. a5 c3 55. a6 c2 56. a7 c1=Q 57. a8=Q Qb1+ 58. Ka5 Qa1+ {Normal}
0-1

[Event "Rated Blitz game"]
[Site "?"]
[Date "2021.05.11"]
[Round "?"]
[White "slave-trajkoski"]
[Black "blastol"]
[Result "0-1"]
[WhiteElo "2369"]
[BlackElo "2406"]
[PlyCount "72"]
[EventDate "2021.??.??"]
[EventType "blitz"]

1. e4 e5 2. Nf3 d5 3. d4 dxe4 4. Nxe5 Bd6 5. f4 exf3 6. Nxf3 Nf6 7. Bc4 O-O 8.
O-O Nc6 9. c3 h6 10. Be3 Ng4 11. Qd2 Qe7 12. Bf4 Bxf4 13. Qxf4 Qe3+ 14. Qxe3
Nxe3 15. Nbd2 Nxf1 16. Rxf1 Na5 17. Bd3 Re8 18. b4 Nc6 19. Ne4 Be6 20. a3 b6
21. c4 Bg4 22. d5 Bxf3 23. gxf3 Ne5 24. Be2 Ng6 25. Kf2 Nf4 26. Bd1 Rad8 27.
Bb3 Kf8 28. c5 Nxd5 29. cxb6 cxb6 30. Rd1 Nf4 31. Nd6 Re7 32. Kg3 Ne6 33. Nf5
Rxd1 34. Bxd1 Rd7 35. Be2 Nd4 36. Bc4 Nxf5+ {Normal} 0-1

[Event "Rated Blitz game"]
[Site "?"]
[Date "2021.05.11"]
[Round "?"]
[White "alimente"]
[Black "BigLion5555"]
[Result "1-0"]
[WhiteElo "2437"]
[BlackElo "2572"]
[PlyCount "21"]
[EventDate "2021.??.??"]
[EventType "blitz"]

1. e4 e5 2. Nf3 d5 3. Nxe5 Bd6 4. d4 dxe4 5. Nc4 Nf6 6. Be2 O-O 7. O-O c6 8.
Nxd6 Qxd6 9. b3 Bf5 10. Ba3 Nbd7 11. Bxd6 {Normal} 1-0

[Event "Rated Blitz game"]
[Site "?"]
[Date "2021.05.11"]
[Round "?"]
[White "HorstBrack"]
[Black "walodelpalo"]
[Result "1/2-1/2"]
[WhiteElo "2484"]
[BlackElo "2309"]
[PlyCount "46"]
[EventDate "2021.??.??"]
[EventType "blitz"]

1. e4 e5 2. Nf3 d5 3. d3 dxe4 4. dxe4 Qxd1+ 5. Kxd1 f5 6. Nbd2 Nf6 7. Bd3 fxe4
8. Nxe4 Nc6 9. Re1 Bg4 10. c3 O-O-O 11. Kc2 Bxf3 12. gxf3 Be7 13. f4 Nd5 14.
Ng5 Bxg5 15. fxg5 Rhf8 16. Bxh7 Rxf2+ 17. Kb3 Rxh2 18. Bf5+ Kb8 19. Be4 Na5+
20. Ka4 Nc4 21. Kb3 Na5+ 22. Ka4 Nc4 23. Kb3 Na5+ {Normal} 1/2-1/2

[Event "Rated Blitz game"]
[Site "?"]
[Date "2021.05.11"]
[Round "?"]
[White "EstrellasGalicia"]
[Black "magos33"]
[Result "1-0"]
[WhiteElo "2425"]
[BlackElo "2388"]
[PlyCount "113"]
[EventDate "2021.??.??"]
[EventType "blitz"]

1. e4 e5 2. Nf3 d5 3. exd5 e4 4. Qe2 Nf6 5. d3 Be7 6. dxe4 O-O 7. Nc3 Re8 8.
Be3 Bb4 9. Qc4 Rxe4 10. Qd3 Qxd5 11. O-O-O Bxc3 12. Qxd5 Nxd5 13. bxc3 Nf6 14.
Bd3 Re8 15. Nd4 c6 16. Rhe1 Bg4 17. f3 Bh5 18. Bg5 Nbd7 19. Nf5 Bg6 20. Nd6
Rxe1 21. Rxe1 Rb8 22. Bc4 Nd5 23. Bxd5 cxd5 24. Re7 Nb6 25. Rxb7 Rxb7 26. Nxb7
f6 27. Be3 Nc8 28. Na5 Be8 29. Kb2 Kf7 30. Kb3 Ke6 31. c4 dxc4+ 32. Nxc4 Kd5
33. Nd2 g5 34. c4+ Kc6 35. Ne4 Bf7 36. Bd4 h6 37. Bxf6 Nb6 38. Nd2 a5 39. Kc3
Nd7 40. Bd4 h5 41. a3 g4 42. fxg4 hxg4 43. h3 gxh3 44. gxh3 Nf8 45. Nf3 Bh5 46.
Ne5+ Kb7 47. c5 Ne6 48. c6+ Kc7 49. Kc4 Nxd4 50. Kxd4 Be8 51. Kc5 a4 52. h4 Bh5
53. Nd3 Bf3 54. Nb4 Bh5 55. Nd5+ Kc8 56. c7 Kd7 57. Kb6 {Time forfeit} 1-0

[Event "Rated Blitz game"]
[Site "?"]
[Date "2021.05.11"]
[Round "?"]
[White "profe-coachchess93"]
[Black "pasha1984"]
[Result "1-0"]
[WhiteElo "2545"]
[BlackElo "2408"]
[PlyCount "25"]
[EventDate "2021.??.??"]
[EventType "blitz"]

1. e4 e5 2. Nf3 d5 3. Nxe5 dxe4 4. d4 Bd6 5. Qe2 Nf6 6. Nc3 Bf5 7. Qb5+ Nbd7 8.
Nxf7 Kxf7 9. Qxf5 Re8 10. Bc4+ Kf8 11. g4 g6 12. Bh6+ Ke7 13. Qe6# {Normal} 1-0

[Event "Rated Blitz game"]
[Site "?"]
[Date "2021.05.11"]
[Round "?"]
[White "Alya_BudiCM"]
[Black "blastol"]
[Result "1-0"]
[WhiteElo "2398"]
[BlackElo "2408"]
[PlyCount "49"]
[EventDate "2021.??.??"]
[EventType "blitz"]

1. e4 e5 2. Nf3 d5 3. exd5 Bd6 4. Nc3 Nf6 5. d3 h6 6. Be2 c6 7. O-O cxd5 8. d4
e4 9. Ne1 O-O 10. f3 Nc6 11. fxe4 dxe4 12. d5 Bc5+ 13. Kh1 Ne5 14. Bf4 Neg4 15.
Bxg4 Nxg4 16. Nxe4 Be3 17. Qf3 Bxf4 18. Qxf4 Qxd5 19. h3 Ne5 20. Nf3 Ng6 21.
Qe3 Re8 22. Nf6+ gxf6 23. Qxe8+ Kg7 24. Rad1 Qxa2 25. Rd8 {Normal} 1-0

[Event "Rated Blitz game"]
[Site "?"]
[Date "2021.05.11"]
[Round "?"]
[White "OmkarCapstone"]
[Black "liaqat321"]
[Result "0-1"]
[WhiteElo "2423"]
[BlackElo "2371"]
[PlyCount "42"]
[EventDate "2021.??.??"]
[EventType "blitz"]

1. e4 e5 2. Nf3 d5 3. exd5 e4 4. Qe2 Nf6 5. Nc3 Be7 6. Nxe4 Nxd5 7. d4 O-O 8.
Qd1 Re8 9. Be2 Bb4+ 10. Ned2 Qe7 11. Kf1 Nc6 12. Nc4 Bg4 13. Bd2 Bxf3 14. Bxf3
Nxd4 15. Bxb4 Nxb4 16. Qxd4 Nxc2 17. Qd1 Nxa1 18. Qxa1 Qb4 19. Ne3 Rad8 20. h4
Rd2 21. Rh3 Rxb2 {Normal} 0-1

[Event "Rated Rapid game"]
[Site "?"]
[Date "2021.05.11"]
[Round "?"]
[White "hr_nielsen"]
[Black "mario19968"]
[Result "0-1"]
[WhiteElo "2426"]
[BlackElo "2274"]
[PlyCount "72"]
[EventDate "2021.??.??"]
[EventType "rapid"]

1. e4 e5 2. Nf3 d5 3. Nc3 dxe4 4. Nxe4 f5 5. Ng3 e4 6. Ng1 Bc5 7. d3 Nf6 8. Nh3
O-O 9. Bg5 Qe8 10. Be2 e3 11. f4 Ng4 12. O-O Nc6 13. c3 Nf2 14. Nxf2 exf2+ 15.
Kh1 Be3 16. Bf3 Be6 17. Ne2 Nd8 18. Bxd8 Qxd8 19. c4 Qh4 20. g3 Qh3 21. Bg2 Qh5
22. Qc2 c6 23. Rad1 Rf6 24. h3 Rh6 25. Kh2 g5 26. fxg5 Qxg5 27. Nc3 f4 28. Ne4
fxg3+ 29. Kh1 Rxh3+ 30. Bxh3 Qh4 31. Kg2 Bxh3+ 32. Kf3 Bd4 33. Nf6+ Qxf6+ 34.
Kxg3 Be5+ 35. Kxh3 Qf3+ 36. Kh4 Bf6# {Normal} 0-1

[Event "Rated Blitz game"]
[Site "?"]
[Date "2021.05.11"]
[Round "?"]
[White "MirkoMK888"]
[Black "ReinaldoR"]
[Result "0-1"]
[WhiteElo "2396"]
[BlackElo "2474"]
[PlyCount "60"]
[EventDate "2021.??.??"]
[EventType "blitz"]

1. e4 e5 2. Nf3 d5 3. exd5 e4 4. Nd4 Qxd5 5. Nb3 Nf6 6. Nc3 Qe5 7. h3 Bf5 8.
Be2 Nc6 9. d4 exd3 10. cxd3 O-O-O 11. O-O Bd6 12. f4 Qe6 13. Bf3 Nd4 14. Nxd4
Bc5 15. Kh2 Bxd4 16. Re1 Qd6 17. Ne4 Bxe4 18. dxe4 Qb6 19. Qa4 g5 20. e5 Nd7
21. Rd1 Nxe5 22. fxe5 Bxe5+ 23. Kh1 Rxd1+ 24. Bxd1 Qf2 25. Bg4+ Kb8 26. Qd1 Qg3
27. Kg1 f5 28. Bxf5 Rf8 29. Qf1 Qh2+ 30. Kf2 Rxf5+ {Normal} 0-1

[Event "Rated Blitz game"]
[Site "?"]
[Date "2021.05.11"]
[Round "?"]
[White "B0N0B0"]
[Black "Sinrah-Tensei"]
[Result "1-0"]
[WhiteElo "2433"]
[BlackElo "2416"]
[PlyCount "38"]
[EventDate "2021.??.??"]
[EventType "blitz"]

1. e4 e5 2. Nf3 d5 3. Nc3 Bd6 4. Nxd5 f5 5. d3 c6 6. Nc3 Nf6 7. d4 exd4 8. e5
Bb4 9. Qxd4 Qxd4 10. Nxd4 Ne4 11. Nde2 O-O 12. f3 Nxc3 13. Nxc3 Be6 14. Bd2 Nd7
15. O-O-O Nxe5 16. Re1 Bd6 17. f4 Ng4 18. Rxe6 Rad8 19. Bc4 Kh8 {Normal} 1-0

[Event "Rated Blitz game"]
[Site "?"]
[Date "2021.05.11"]
[Round "?"]
[White "Halil245"]
[Black "pasha1984"]
[Result "0-1"]
[WhiteElo "2423"]
[BlackElo "2383"]
[PlyCount "48"]
[EventDate "2021.??.??"]
[EventType "blitz"]

1. e4 e5 2. Nf3 d5 3. Nxe5 dxe4 4. Bc4 Qg5 5. Nxf7 Qxg2 6. Rf1 Bg4 7. Be2 Bxe2
8. Qxe2 Kxf7 9. Nc3 Bd6 10. Nxe4 Nf6 11. d3 Nxe4 12. dxe4 Nc6 13. Qc4+ Kf8 14.
Be3 Ne5 15. Qb3 Nf3+ 16. Ke2 Qg4 17. h3 Nd4+ 18. Kd3 Nxb3 19. hxg4 Nxa1 20.
Rxa1 Rd8 21. Ke2 Be5 22. c3 h5 23. f4 hxg4 24. fxe5 Rh2+ {Normal} 0-1

[Event "Rated Blitz game"]
[Site "?"]
[Date "2021.05.11"]
[Round "?"]
[White "Babnik"]
[Black "ieks"]
[Result "0-1"]
[WhiteElo "2441"]
[BlackElo "2441"]
[PlyCount "56"]
[EventDate "2021.??.??"]
[EventType "blitz"]

1. e4 e5 2. Nf3 d5 3. Nxe5 Bd6 4. d4 dxe4 5. Nc3 Bxe5 6. dxe5 Qxd1+ 7. Nxd1 Nc6
8. Bf4 Nge7 9. Bb5 Bf5 10. Ne3 Bg6 11. O-O-O O-O 12. Rd7 Rac8 13. Rhd1 h6 14.
e6 fxe6 15. Bxc7 Rxf2 16. Bg3 Rf7 17. Rxb7 Nf5 18. Rxf7 Bxf7 19. Nxf5 exf5 20.
a3 g5 21. Rd6 Ne7 22. Rxh6 f4 23. Be1 Nf5 24. Rf6 Nd4 25. Ba4 e3 26. h4 Rd8 27.
Ba5 Ne2+ 28. Kb1 Rd1# {Normal} 0-1

[Event "Rated Blitz game"]
[Site "?"]
[Date "2021.05.11"]
[Round "?"]
[White "Joaquincel"]
[Black "GoughPhar"]
[Result "0-1"]
[WhiteElo "2357"]
[BlackElo "2406"]
[PlyCount "68"]
[EventDate "2021.??.??"]
[EventType "blitz"]

1. e4 e5 2. Nf3 d5 3. Nxe5 Bd6 4. d4 dxe4 5. Nc4 Nf6 6. Ne3 Nc6 7. Bc4 Nxd4 8.
O-O O-O 9. Nc3 c6 10. a3 b5 11. Ba2 Re8 12. Kh1 Nf5 13. Qe2 Qc7 14. h3 a5 15.
Rd1 b4 16. Nb1 Be5 17. Nd2 bxa3 18. Ndc4 axb2 19. Bxb2 Bxb2 20. Nxb2 Nxe3 21.
Qxe3 Be6 22. Nc4 Rad8 23. Re1 Bxc4 24. Bxc4 Qe5 25. Qb3 Re7 26. Rad1 Rxd1 27.
Rxd1 g6 28. Rd8+ Kg7 29. Qa3 e3 30. fxe3 Qxe3 31. Bd3 Qe1+ 32. Kh2 Qe5+ 33. Kh1
Qc7 34. Ra8 Re1+ {Normal} 0-1

[Event "Rated Blitz game"]
[Site "?"]
[Date "2021.05.11"]
[Round "?"]
[White "Kapuzinerstein"]
[Black "akgupt77"]
[Result "1-0"]
[WhiteElo "2441"]
[BlackElo "2212"]
[PlyCount "85"]
[EventDate "2021.??.??"]
[EventType "blitz"]

1. e4 e5 2. Nf3 d5 3. Nc3 d4 4. Ne2 Nc6 5. Ng3 Bg4 6. Bb5 Bd6 7. h3 Bxf3 8.
Bxc6+ bxc6 9. Qxf3 Nf6 10. d3 Bb4+ 11. Kf1 O-O 12. Bg5 Be7 13. Nf5 Nd5 14. Bd2
Nb4 15. h4 Nxc2 16. Rc1 Nb4 17. a3 Na6 18. h5 h6 19. g3 Bg5 20. Bxg5 Qxg5 21.
Rxc6 Rab8 22. Rh4 Rb6 23. Rxb6 axb6 24. Rg4 Qc1+ 25. Kg2 g5 26. Nxh6+ Kh7 27.
Qf5+ Kxh6 28. Qf6+ Kh7 29. Rxg5 Qxg5 30. Qxg5 Nc5 31. Qxe5 Nxd3 32. Qxd4 Nc5
33. f3 Ne6 34. Qf6 Kg8 35. h6 Rd8 36. h7+ Kxh7 37. Qxf7+ Ng7 38. g4 Rd2+ 39.
Kg3 Rxb2 40. Qxc7 Rb3 41. e5 Rxa3 42. Qxb6 Re3 43. Qxe3 {Normal} 1-0

[Event "Rated Blitz game"]
[Site "?"]
[Date "2021.05.11"]
[Round "?"]
[White "Acarak0102"]
[Black "GrandeGila"]
[Result "1-0"]
[WhiteElo "2303"]
[BlackElo "2474"]
[PlyCount "99"]
[EventDate "2021.??.??"]
[EventType "blitz"]

1. e4 e5 2. Nf3 d5 3. exd5 e4 4. Qe2 Nf6 5. Nc3 Be7 6. Nxe4 O-O 7. d3 Re8 8.
Be3 Nxd5 9. g3 f5 10. Nc3 Bb4 11. Qd2 Qf6 12. a3 Bxc3 13. bxc3 Nxc3 14. Bg2 f4
15. gxf4 Nd5 16. O-O Nc6 17. Ng5 Nxe3 18. fxe3 Bg4 19. Qf2 h6 20. Ne4 Qe7 21.
Qg3 Bf5 22. Rab1 Rab8 23. Rb5 Bh7 24. f5 a6 25. Rbb1 Kh8 26. f6 gxf6 27. Rxf6
Bxe4 28. Rxh6+ Bh7 29. Be4 Rg8 30. Bg6 Rxg6 31. Qxg6 Rg8 32. Qxg8+ Kxg8 33. Rh3
Kf8 34. Rg3 Ke8 35. Rf1 Ne5 36. e4 Kd8 37. Rf4 b6 38. Rg2 Kc8 39. d4 Nc4 40. e5
Kb7 41. Rfg4 Bf5 42. Rg7 Qxa3 43. Rf7 Qe3+ 44. Kh1 Be4 45. Rf1 Bxg2+ 46. Kxg2
Qe2+ 47. Rf2 Qe4+ 48. Kg3 Qxd4 49. Rf4 Qxe5 50. Kh4 {Time forfeit} 1-0